000 nam a22 7a 4500
999 _c7440
_d7440
008 170901b xxu||||| |||| 00| 0 eng d
020 _a9783401085074
100 _aMai Manfred
_93965
245 _aFreundschaftsgeschichten
260 _c2003